000 03295nam a2200229Ia 4500
003 Ost
005 20260507075648.0
008 260507s9999||||xx |||||||||||||| ||und||
020 _a1377119957
040 _cfsecg
041 _aara
082 _a658.15
100 _aالدوري، مؤيد عبد الرحمن
_eمؤلف
245 0 _aالتحليل المالي بإستخدام الحاسوب /
_c مؤيد عبد الرحمن الدوري
260 _aعمان:
_bدرا وائل للنشر والتوزيع,
_c2003
300 _a311 صفحة؛
_bإيضاحات ؛
_c24 سم
520 _aيعد موضوع التحليل المالي أحد المواضيع المهمة في حقل الادارة المالية والمحاسبة، إذ من خلاله تتمكن إدارة المنشأة من تشخيص نقاط القوة والضعف في بيئتها الداخلية وتقويم قراراتها التمويلية والاستثمارية، كما يمكن أن تستخدمه كأحد الأسس المهمة في تحديد خياراتها الاستراتيجية. جاء الكتاب متضمنا سبع فصول تتناول الجوانب الأساسية للتحليل المالي وتطبيقاتها باستخدام نظام الأكسل كأحد أنظمة الحاسوب، ليساعد الطالب على فهم الاستخدامات العملية لهذا النظام في معالجة البيانات المتوفرة وصياغتها بمؤشرات كمية لتقويم الأداء وترشيد القرارات المالية. وتناول الكتاب طبيعة وأغراض التحليل المالي وأهمية استخدام الأنظمة الحاسوبية في تنظيم البيانات المالية وعرضها بشكل يخدم عملية التحليل واتخاذ القرارات، وتضمن تحليل وتفسير القوائم المالية الرئيسية، وكذلك تحليل التدفقات النقدية وكيفية إعداد قائمة التدفق النقدي، واشتقاق المؤشرات التي يمكن الاعتماد عليها في تقويم الأنشطة المختلفة للمنشأة. كما جرى التركيز في هذا الكتاب على القيمة الزمنية للنقود التي يستخدمها المستثمر في احتساب القيمة الحالية والقيمة المستقبلية لدفعة واحدة أو لعدد من الدفعات المتساوية أو غير المتساوية في حال كون الفائدة مركبة، وكذلك التركيز على دراسة عملية لتحليل التعادل باعتباره أداة من أدوات الرقابة وتخطيط العلاقة بين الأرباح والايرادات والتكاليف. هذا وتناول الفصل الأخير تحليل الأوراق المالية المتداولة في السوق المالي، وما يوفره التحليل من مؤشرات تساهم في علمية اتخاذ القرارات بالنسبة للمستثمرين وإدارات المنشآت.
653 _aالتحليل المالي
653 _aالحاسوب
700 _aأبو زناد، نور الدين أديب
_eمؤلف ثانوي
942 _cكتاب
999 _c45527
_d45527